[Event "Yerevan op-A 4th"]
[Site "Yerevan"]
[Date "2022.10.16"]
[Round "7"]
[White "Mchedlishvili, Mikheil"]
[Black "Ramezani, Mahan"]
[Result "1-0"]
[WhiteElo "2568"]
[BlackElo "2211"]
[PlyCount "105"]
[EventDate "2022.10.10"]
[EventType "swiss"]
[EventRounds "9"]
[EventCountry "ARM"]
[SourceTitle "CBM 210 Extra"]
[Source "ChessBase"]
[SourceDate "2022.11.30"]
[SourceVersion "1"]
[SourceVersionDate "2022.11.30"]
[SourceQuality "1"]

1. e4 c5 2. Nf3 d6 3. d4 cxd4 4. Nxd4 Nf6 5. Nc3 a6 6. f3 e5 7. Nb3 Be7 8. Be3 Be6 9. Qd2 Nbd7 10. g4 0-0 11. 0-0-0 b5 12. g5 b4 13. Ne2 Ne8 14. f4 a5 15. f5 a4 16. fxe6 axb3 17. cxb3 fxe6 18. Bh3 Nc7 19. Kb1 Qe8 20. Bg2 Na6 21. h4 Nac5 22. h5 Qb8 23. Nc1 Qb7 24. g6 h6 25. Rhf1 Nf6 26. Bxc5 dxc5 27. Qe2 Qa6 28. Qxa6 Rxa6 29. Bf3 Rc6 30. Nd3 Bd6 31. Rc1 Rfc8 32. Rc4 Kf8 33. a3 Ke7 34. a4 R6c7 35. Be2 Rb8 36. Ne1 Rf8 37. Nd3 Rb8 38. Kc1 Ra8 39. Kd2 Rb8 40. Ke3 Ra8 41. Rc2 Ra5 42. Rfc1 Kd8 43. Nf2 Be7 44. Rd1+ Kc8 45. Ng4 Nxh5 46. Nxe5 c4 47. Nxc4 Rg5 48. Nb6+ Kb7 49. Rxc7+ Kxc7 50. Rd7+ Kxb6 51. Rxe7 e5 52. Bxh5 Rxh5 53. Kd3 1-0

[Event "Rasht Gilan Cup 1st"]
[Site "Rasht"]
[Date "2022.07.12"]
[Round "4"]
[White "Mosadeghpour, Masoud"]
[Black "Ramezani, Mahan"]
[Result "1-0"]
[WhiteElo "2468"]
[BlackElo "2178"]
[PlyCount "90"]
[EventDate "2022.07.09"]
[EventType "swiss"]
[EventRounds "9"]
[EventCountry "IRI"]
[SourceTitle "CBM 209 Extra"]
[Source "ChessBase"]
[SourceDate "2022.09.30"]
[SourceVersion "1"]
[SourceVersionDate "2022.09.30"]
[SourceQuality "1"]

1. e4 c5 2. Nf3 d6 3. d4 cxd4 4. Nxd4 Nf6 5. Nc3 a6 6. Be2 e5 7. Nb3 Be7 8. Be3 Be6 9. g4 d5 10. exd5 Nxd5 11. Nxd5 Bxd5 12. Bf3 Bc6 13. Qxd8+ Kxd8 14. Bxc6 Nxc6 15. Bb6+ Kc8 16. 0-0-0 Bd8 17. Be3 Be7 18. Nc5 Bxc5 19. Bxc5 Kc7 20. Bd6+ Kb6 21. Rd5 f6 22. c3 Rac8 23. Rhd1 Rhd8 24. a4 a5 25. Rb5+ Ka7 26. Bc5+ Kb8 27. Bb6 Rxd1+ 28. Kxd1 h5 29. g5 fxg5 30. Bxa5 Nxa5 31. Rxa5 Rf8 32. Ke2 Rf5 33. Rd5 g4 34. a5 g6 35. b4 e4 36. c4 Rf3 37. Re5 Rb3 38. b5 Ra3 39. b6 Kc8 40. Re8+ Kd7 41. Ra8 Kd6 42. a6 Rxa6 43. Rxa6 bxa6 44. c5+ Kc6 45. Ke3 Kd5 1-0

[Event "Rasht Gilan Cup 1st"]
[Site "Rasht"]
[Date "2022.07.12"]
[Round "5"]
[White "Ramezani, Mahan"]
[Black "Rasulov, Vugar Ural Oglu"]
[Result "0-1"]
[WhiteElo "2178"]
[BlackElo "2458"]
[PlyCount "90"]
[EventDate "2022.07.09"]
[EventType "swiss"]
[EventRounds "9"]
[EventCountry "IRI"]
[SourceTitle "CBM 209 Extra"]
[Source "ChessBase"]
[SourceDate "2022.09.30"]
[SourceVersion "1"]
[SourceVersionDate "2022.09.30"]
[SourceQuality "1"]

1. e4 e5 2. Nf3 Nc6 3. Bc4 Nf6 4. d3 Bc5 5. c3 0-0 6. Bb3 a5 7. Nbd2 h6 8. h3 d5 9. 0-0 Be6 10. Re1 dxe4 11. dxe4 Re8 12. Qe2 Nh5 13. Nf1 Qf6 14. Be3 Bxe3 15. fxe3 Bxb3 16. axb3 Qe6 17. Qb5 Nf6 18. Ng3 Ra6 19. Nd2 Rb6 20. Qd3 Nd7 21. Qd5 Rd8 22. Qxe6 fxe6 23. Ngf1 Nc5 24. Ra3 Rb5 25. Rea1 b6 26. Rb1 Nb8 27. Kf2 Nbd7 28. Ke2 Nf6 29. Ng3 h5 30. h4 g6 31. Rf1 Kg7 32. Rb1 Ng4 33. Rd1 Rd7 34. Nc4 Rxd1 35. Kxd1 Rxb3 36. Rxb3 Nxb3 37. Kc2 a4 38. Nf1 Nc5 39. Ncd2 b5 40. Kb1 Nd3 41. Nf3 c5 42. Kc2 c4 43. Kb1 Kf6 44. Kc2 Ke7 45. Kb1 Ngf2 0-1

[Event "Rasht Gilan Cup 1st"]
[Site "Rasht"]
[Date "2022.07.11"]
[Round "3"]
[White "Ramezani, Mahan"]
[Black "Mohammadyansichani, Arshia"]
[Result "1-0"]
[WhiteElo "2178"]
[BlackElo "2033"]
[PlyCount "46"]
[EventDate "2022.07.09"]
[EventType "swiss"]
[EventRounds "9"]
[EventCountry "IRI"]
[SourceTitle "CBM 209 Extra"]
[Source "ChessBase"]
[SourceDate "2022.09.30"]
[SourceVersion "1"]
[SourceVersionDate "2022.09.30"]
[SourceQuality "1"]

1. d4 Nf6 2. Nf3 g6 3. g3 Bg7 4. Bg2 d6 5. 0-0 0-0 6. c4 c6 7. Nc3 Bf5 8. Ne1 e5 9. d5 c5 10. e4 Bd7 11. Nd3 Na6 12. f4 exf4 13. Bxf4 Nb4 14. Bxd6 Bg4 15. Qd2 Qxd6 16. e5 Qa6 17. exf6 Bxf6 18. Nxc5 Qxc4 19. Rxf6 Qxc5+ 20. Rf2 f5 21. a3 Na6 22. Re1 Rae8 23. Rxe8 Rxe8 1-0

[Event "IRI-chT 18th"]
[Site "Tehran"]
[Date "2019.11.27"]
[Round "8.2"]
[White "Ramezani, Mahan"]
[Black "Pourramezanali, Amirreza"]
[Result "0-1"]
[WhiteElo "2084"]
[BlackElo "2486"]
[PlyCount "96"]
[EventDate "2019.11.23"]
[EventType "team-tourn"]
[EventRounds "9"]
[EventCountry "IRI"]
[SourceTitle "CBM 193 Extra"]
[Source "ChessBase"]
[SourceDate "2020.01.31"]
[SourceVersion "1"]
[SourceVersionDate "2020.01.31"]
[SourceQuality "1"]
[WhiteTeam "Student Chess Association"]
[BlackTeam "Persepolis Iran"]
[WhiteTeamCountry "IRI"]
[BlackTeamCountry "IRI"]

1. Nf3 d5 2. d4 Nf6 3. g3 Bg4 4. Bg2 e6 5. 0-0 Nbd7 6. c4 c6 7. Nc3 Be7 8. Qb3 Qb6 9. c5 Qa6 10. Bf4 b6 11. cxb6 axb6 12. a4 0-0 13. h3 Bh5 14. Rfc1 Rfc8 15. g4 Bg6 16. Nd2 h6 17. e4 dxe4 18. Ndxe4 Nd5 19. Nxd5 cxd5 20. Rxc8+ Rxc8 21. Bf1 Qa5 22. Bd2 Qa7 23. Nc3 Qb8 24. Ba6 Rd8 25. Bb5 Nf6 26. Ne2 Bd6 27. Bb4 h5 28. Bxd6 Qxd6 29. Qg3 Qe7 30. Nf4 hxg4 31. hxg4 Ne4 32. Qe3 Qg5 33. Ng2 Qf6 34. Bd3 Rc8 35. f3 Ng5 36. Rf1 Bxd3 37. Qxd3 Rc4 38. f4 Ne4 39. Rd1 g5 40. f5 exf5 41. gxf5 Qxf5 42. Rf1 Qg4 43. b3 Rc3 44. Qb5 Qe6 45. b4 Nd2 46. Rd1 Nf3+ 47. Kf2 Rc2+ 48. Kg3 Nh4 0-1

[Event "Aktobe Dvorkovich Cup U16"]
[Site "Aktobe"]
[Date "2019.09.24"]
[Round "7.1"]
[White "Om, Kharola"]
[Black "Ramezani, Mahan"]
[Result "0-1"]
[WhiteElo "2328"]
[BlackElo "2080"]
[PlyCount "50"]
[EventDate "2019.09.23"]
[EventType "team-tourn (rapid)"]
[EventRounds "9"]
[EventCountry "KAZ"]
[SourceTitle "EXT 2020"]
[Source "ChessBase"]
[SourceDate "2019.10.17"]
[SourceVersion "1"]
[SourceVersionDate "2019.10.17"]
[SourceQuality "1"]
[WhiteTeam "India U16"]
[BlackTeam "Iran U16"]
[WhiteTeamCountry "IND"]
[BlackTeamCountry "IRI"]

1. e4 e6 2. d4 d5 3. Bd3 Nf6 4. e5 Nfd7 5. c3 c5 6. Nf3 Nc6 7. 0-0 Qb6 8. Bc2 Be7 9. a3 a5 10. Re1 0-0 11. h4 f5 12. exf6 Nxf6 13. Ng5 cxd4 14. Qd3 e5 15. Nxh7 e4 16. Nxf6+ Bxf6 17. Qg3 Be5 18. Qg6 dxc3 19. Be3 Qxb2 20. Nxc3 Qxc3 21. Rac1 Qxa3 22. Bxe4 dxe4 23. Bc5 Bf5 24. Qg5 Qa2 25. Bxf8 Rxf8 0-1

[Event "Asian-ch U14 Rapid"]
[Site "Chiangmai"]
[Date "2018.04.01"]
[Round "6.1"]
[White "Ramezani, Mahan"]
[Black "Nogerbek, Kazybek"]
[Result "1-0"]
[WhiteElo "2022"]
[BlackElo "2266"]
[PlyCount "147"]
[EventDate "2018.04.01"]
[EventType "swiss (rapid)"]
[EventRounds "7"]
[EventCountry "THA"]
[SourceTitle "EXT 2024"]
[Source "ChessBase"]
[SourceDate "2023.10.10"]
[SourceVersion "1"]
[SourceVersionDate "2023.10.10"]
[SourceQuality "1"]

1. e4 c5 2. Nf3 Nc6 3. Bb5 g6 4. Bxc6 dxc6 5. d3 Bg7 6. h3 b6 7. 0-0 e5 8. Nc3 Ne7 9. Be3 0-0 10. Qd2 Be6 11. Bh6 f6 12. a3 a5 13. Be3 Qd7 14. Na4 Rab8 15. b4 axb4 16. axb4 cxb4 17. Nxb6 Qd6 18. Ra5 Rb7 19. Bc5 Qc7 20. Qxb4 Rfb8 21. Bxe7 Rxb6 22. Qa3 Qd7 23. Bd6 Rd8 24. Bc5 Rb7 25. Ra1 h5 26. Ra8 Kh7 27. Qa6 Rxa8 28. Qxa8 Qc7 29. Kh2 g5 30. Ra6 Qd7 31. Bf8 Bh8 32. h4 g4 33. Ng1 f5 34. exf5 Bxf5 35. Ne2 e4 36. dxe4 Bxe4 37. Ng3 Bg6 38. Ra5 Rc7 39. Qa6 Qd8 40. Qb6 Qxh4+ 41. Kg1 Rf7 42. Ra7 Qf6 43. Rxf7+ Qxf7 44. Bd6 Qd7 45. Qc5 h4 46. Ne2 Qe6 47. Qa7+ Kg8 48. Qb8+ Kh7 49. Qc7+ Kg8 50. Qd8+ Qe8 51. Qg5 Bg7 52. Nf4 Bf7 53. Bb4 Qe4 54. Qd8+ Be8 55. Bd2 Bh6 56. Qxh4 Bxf4 57. Qxg4+ Bg6 58. Bxf4 Qxc2 59. Qc8+ Kf7 60. Qd7+ Kf6 61. g4 Bf7 62. Qd6+ Be6 63. Be5+ Kf7 64. Qc7+ Ke8 65. Bd6 Qd1+ 66. Kh2 Bd7 67. Qb8+ Kf7 68. Qf8+ Kg6 69. Qg8+ Kf6 70. Qd8+ Kg6 71. Qxd7 Qf3 72. Qf5+ Qxf5 73. gxf5+ Kxf5 74. Kg3 1-0

[Event "Hamedan op"]
[Site "Hamedan"]
[Date "2017.08.15"]
[Round "6"]
[White "Salar, Milad"]
[Black "Ramezani, Mahan"]
[Result "1-0"]
[WhiteElo "2114"]
[BlackElo "2016"]
[PlyCount "73"]
[EventDate "2017.08.12"]
[EventType "swiss"]
[EventRounds "11"]
[EventCountry "IRI"]
[SourceTitle "CBM 180 Extra"]
[Source "ChessBase"]
[SourceDate "2017.10.06"]
[SourceVersion "1"]
[SourceVersionDate "2017.10.06"]
[SourceQuality "1"]

1. e4 c5 2. Nf3 g6 3. d4 cxd4 4. Nxd4 Bg7 5. c4 Nc6 6. Be3 Nf6 7. Nc3 Ng4 8. Qxg4 Nxd4 9. Qd1 Nc6 10. Qd2 Qa5 11. Be2 d6 12. Rc1 Be6 13. 0-0 Rc8 14. f4 0-0 15. Rfd1 Rfd8 16. a3 a6 17. Bf1 Nb8 18. Qf2 Nd7 19. Nd5 Bxd5 20. exd5 Qa4 21. Qc2 Qa5 22. Qe2 Re8 23. g3 Qa4 24. Bh3 Rc7 25. Qc2 Qxc2 26. Rxc2 Rec8 27. b4 h5 28. c5 f5 29. Rdc1 Nf6 30. c6 bxc6 31. dxc6 Nd5 32. Bf2 e5 33. Bf1 Kh7 34. Bxa6 Rb8 35. Rd1 Nf6 36. fxe5 dxe5 37. b5 1-0

[Event "Asian Schools-ch U13 12th Blitz"]
[Site "Tehran"]
[Date "2016.07.16"]
[Round "2.3"]
[White "Thilakarathne, GM Harshana"]
[Black "Ramezani, Mahan"]
[Result "1-0"]
[WhiteElo "1719"]
[BlackElo "1882"]
[PlyCount "91"]
[EventDate "2016.07.16"]
[EventType "swiss (blitz)"]
[EventRounds "9"]
[EventCountry "IRI"]
[SourceTitle "EXT 2024"]
[Source "ChessBase"]
[SourceDate "2023.10.10"]
[SourceVersion "1"]
[SourceVersionDate "2023.10.10"]
[SourceQuality "1"]

1. Nf3 Nf6 2. g3 d5 3. Bg2 e6 4. 0-0 c5 5. d3 Nc6 6. b3 Bd6 7. Bb2 0-0 8. Nbd2 Qe7 9. e4 e5 10. exd5 Nxd5 11. Re1 Nc7 12. Nc4 f6 13. d4 cxd4 14. Nxd4 Nxd4 15. Bxd4 Bc5 16. Bxc5 Qxc5 17. Qe2 Kh8 18. a3 Qe7 19. b4 Ne6 20. c3 Rb8 21. Ne3 b6 22. a4 Bb7 23. Bxb7 Qxb7 24. h4 Qc6 25. Rec1 Rfd8 26. Nf5 g6 27. Ne3 Rbc8 28. a5 b5 29. h5 a6 30. Ng2 Ng5 31. Nh4 Kg7 32. Kh2 e4 33. Qe3 Qe6 34. Rd1 Qc4 35. hxg6 hxg6 36. Rac1 Rxd1 37. Rxd1 Qxc3 38. Qa7+ Rc7 39. Rd7+ Rxd7 40. Qxd7+ Kh6 41. Qe7 Nf3+ 42. Nxf3 Qxf3 43. Kg1 Kg5 44. Qc5+ f5 45. Qe7+ Kg4 46. Qh4# 1-0

[Event "Asian Schools-ch 12th U13"]
[Site "Tehran"]
[Date "2016.07.13"]
[Round "5.4"]
[White "Ramezani, Mahan"]
[Black "Zomorrodian, Eilia"]
[Result "1-0"]
[WhiteElo "1889"]
[BlackElo "1783"]
[PlyCount "121"]
[EventDate "2016.07.11"]
[EventType "swiss"]
[EventRounds "9"]
[EventCountry "IRI"]
[SourceTitle "EXT 2024"]
[Source "ChessBase"]
[SourceDate "2023.10.10"]
[SourceVersion "1"]
[SourceVersionDate "2023.10.10"]
[SourceQuality "1"]

1. e4 c5 2. Nf3 e6 3. c4 a6 4. Nc3 Qc7 5. d4 cxd4 6. Nxd4 Nf6 7. Be2 b6 8. 0-0 Bb7 9. f3 Be7 10. Be3 d6 11. Rc1 0-0 12. b4 Nbd7 13. Qb3 Rac8 14. Rfd1 Rfe8 15. a4 Qb8 16. Kh1 Bf8 17. Bf1 Qa8 18. Nc2 g6 19. Rb1 Qb8 20. Bd4 Qc7 21. Na3 Ba8 22. Qb2 Bg7 23. Qf2 h5 24. h4 Bf8 25. Nc2 Be7 26. Na1 d5 27. exd5 exd5 28. cxd5 Nxd5 29. Nxd5 Bxd5 30. Bxa6 Ra8 31. Bb5 Be6 32. Be3 Red8 33. Rbc1 Qe5 34. Nc2 Bd5 35. Re1 Bd6 36. f4 Qf5 37. Nd4 Qg4 38. Be2 Qh3+ 39. Kg1 Bxg2 40. Qxg2 Qxe3+ 41. Qf2 Bxf4 42. Rcd1 Ne5 43. Bb5 Qxf2+ 44. Kxf2 Ng4+ 45. Kf3 Be5 46. Nc6 Rxd1 47. Rxd1 Bc3 48. Ne7+ Kg7 49. Nd5 Bf6 50. Nxb6 Rb8 51. Nd7 Rd8 52. Rb1 Bxh4 53. a5 Be7 54. Bc6 Rxd7 55. Bxd7 Ne5+ 56. Kg2 Nxd7 57. b5 Kf6 58. b6 Nb8 59. Rc1 Ke6 60. Rc8 Bd6 61. Rxb8 1-0

[Event "Asian Schools-ch U13 12th Rapid"]
[Site "Tehran"]
[Date "2016.07.10"]
[Round "5.2"]
[White "Ramezani, Mahan"]
[Black "Quizon, Daniel"]
[Result "0-1"]
[WhiteElo "1862"]
[BlackElo "1583"]
[PlyCount "82"]
[EventDate "2016.07.10"]
[EventType "swiss"]
[EventRounds "7"]
[EventCountry "IRI"]
[SourceTitle "EXT 2024"]
[Source "ChessBase"]
[SourceDate "2023.10.10"]
[SourceVersion "1"]
[SourceVersionDate "2023.10.10"]
[SourceQuality "1"]

1. e4 c5 2. Nf3 e6 3. c4 a6 4. Nc3 Qc7 5. d4 cxd4 6. Nxd4 b6 7. Be2 Bb7 8. Be3 Nf6 9. f3 d6 10. 0-0 Nbd7 11. Rc1 Be7 12. Qd2 0-0 13. Kh1 Rac8 14. b4 Rfd8 15. a4 Qb8 16. Rfd1 Bf8 17. Qe1 d5 18. cxd5 exd5 19. Nxd5 Bxd5 20. exd5 Nxd5 21. Bd2 Rxc1 22. Rxc1 Qd6 23. Bxa6 Nxb4 24. Nb5 Qe7 25. Qf1 Nxa6 26. Na7 Nab8 27. Bf4 Ne5 28. Nb5 Nd3 29. Rc7 Qb4 30. Bg3 Qxa4 31. Nc3 Qd4 32. Ne4 Nc5 33. Nf2 Bd6 34. Bxd6 Qxd6 35. Ra7 Nc6 36. Ra1 g6 37. h3 Ne7 38. Ng4 Nf5 39. Qf2 h5 40. Ne3 Nd3 41. Qd2 Qe5 0-1